|
|
|
|
| LEADER |
00000cam a2200000 a 4500 |
| 001 |
vtls001104830 |
| 003 |
SK-MaSNL |
| 005 |
20260301230730.0 |
| 008 |
240318s1977 xo 00000 rus |
| 015 |
|
|
|a SNBA1977
|
| 035 |
|
|
|a SNK000047672
|
| 040 |
|
|
|a SNK
|b slo
|c SNK
|e AACR2
|
| 041 |
0 |
|
|a rus
|a slo
|
| 044 |
|
|
|a xo
|c SK
|
| 080 |
|
|
|a 808.2:33:379.83/.85(075.8)=82
|2 1981
|
| 080 |
|
|
|a 33
|2 1981
|
| 080 |
|
|
|a 379.83/.85(075.8)=82
|2 1981
|
| 080 |
|
|
|a 378
|2 1981
|
| 080 |
|
|
|a 808.2
|2 1981
|
| 100 |
1 |
|
|a Slobodník, Milan,
|d 1942-
|4 aut
|9 186771
|
| 245 |
1 |
0 |
|a Ruská textová učebnica pre poslucháčov ekonomiky cestovného ruchu a spoločného stravovania
|c Milan Slobodník, Margita Malinovská, Ľudmila Mešková
|
| 250 |
|
|
|a 1. vyd.
|
| 260 |
|
|
|a Bratislava
|b Vysoká škola ekonomická
|c 1977
|e Bratislava
|f Edičné stredisko VŠE
|
| 300 |
|
|
|a 151 s., 7,266 AH
|c 29 cm
|
| 366 |
|
|
|e 450 výt.
|
| 490 |
1 |
|
|a Vysokoškolské skriptá.
|
| 500 |
|
|
|a Náz. v tiráži: Ruský jazyk. Textová... Rus.-slov. slovník. Rozmn.
|
| 504 |
|
|
|a Bibliogr.
|
| 650 |
0 |
7 |
|a ruština
|2 SNKPH
|9 1346
|
| 655 |
|
7 |
|a učebnice vysokých škôl
|2 SNKPH
|9 70191
|
| 700 |
1 |
|
|a Malinovská, Margita
|4 aut
|9 9574
|
| 700 |
1 |
|
|a Mešková, Ľudmila,
|d 1948-
|4 aut
|9 45709
|
| 700 |
1 |
|
|a Slobodník, Milan,
|d 1942-
|4 aut
|9 186771
|
| 830 |
|
0 |
|a Vysokoškolské skriptá.
|9 276440
|
| 958 |
|
|
|a OND
|
| 958 |
|
|
|a RM
|
| 958 |
|
|
|a UV
|
| 999 |
|
|
|c 955849
|d 957779
|
| 952 |
|
|
|a SNK
|b SNK
|y PREZ
|7 0
|p 17A0942792
|o snkSB 24843
|i snkKSP 1849/77
|0 0
|1 0
|4 0
|d 2014-06-30
|f 1
|l 0
|r 2026-02-24 10:02:36
|w 2026-02-24
|
| 952 |
|
|
|a SNK
|b SNK
|y VYP
|7 0
|o snkSB 24843 D1
|i snkKSP 1850/77
|0 0
|1 0
|4 0
|d 2014-06-30
|l 0
|r 2026-02-24 10:02:36
|w 2026-02-24
|